| 000 | 00918naa a22002777a 4500 | ||
|---|---|---|---|
| 001 | BR9000773 | ||
| 003 | BR-BrBNA | ||
| 005 | 20240918180622.0 | ||
| 007 | ta | ||
| 008 | 230509b bl.||||| |||| 00| 0 por d | ||
| 040 |
_aBR-BrBNA _bpor _cBiblioteca Nacional de Agricultura |
||
| 041 | _a(Pt) | ||
| 072 |
_aL02; P10 _b6100 |
||
| 090 | _aL02 BR9000773 | ||
| 100 | 1 | _aFabio, J.D. | |
| 245 | 1 | _aQualidade da agua de bebida [avicultura] | |
| 260 | 3 |
_aCampinas, SP (Brasil): _c1989. |
|
| 500 | _aCurso de atualizacao em manejo de frangos de corte Campinas, SP (Brasil): 1989. p. 115-118 (BR9000773-AM)L02 | ||
| 650 | _aFRANGO DE CORTE | ||
| 650 | _aAGUA | ||
| 650 | _aANALISE QUALITATIVA | ||
| 650 | _aTRATAMENTO DA AGUA | ||
| 773 | 0 |
_tCurso de atualizacao em manejo de frangos de corte _wL02 BR9000773 _gCampinas, SP (Brasil), 1989. p. 115-118 |
|
| 909 |
_a202404 _bLucia _c55 _dLucia Elande |
||
| 942 |
_cAM _2AGRIS |
||
| 999 |
_c321341 _d321341 |
||